000 00731nam a2200205 i 4500
001 56940
003 ES-MaACL
005 20250811063411.0
007 t|
008 031014m19461947sp ||||1| spa d
110 1 _aEspaña.
_bDirección General de Minas y Combustibles
_93756
245 1 0 _aBibliografía minera española /
_cDirección General de Minas y Combustibles.
260 _aMadrid :
_bBolaños y Aguilar,
_c1946-1947.
300 _a2 v. ;
_c24 cm.
500 _aPrecede al tít.: Ministerio de Industria y Comercio.
650 4 _aMinería-
_vBibliografías.
_9149141
710 1 _aEspaña.
_bMinisterio de Industria y Comercio.
_93883
852 _aES-MaACL
_jP-724-bis
_bR.22516
999 _c56940
_d56940